Electrónica Digital: teoría (Registro nro. 7174)
[ vista simple ]
| 000 -CABECERA | |
|---|---|
| campo de control de longitud fija | 00597aam a2200217 4500 |
| 005 - FECHA Y HORA DE ACTUALIZACIÓN | |
| campo de control | 20170214142752.0 |
| 008 - LONGITUD FIJA | |
| campo de control de longitud fija | 150818b xxu||||| |||| 00| 0 spa d |
| 041 ## - IDIOMA | |
| Código de idioma del texto/pista de sonido o título separado | |
| 082 ## - CLASIFICACIÓN DECIMAL DEWEY | |
| Número de clasificación | 621.381.3 A313e |
| 100 ## - AUTOR PERSONAL | |
| Nombre de persona | Akiyama, Masaharu |
| 245 ## - TÍTULO PROPIAMENTE DICHO | |
| Título | Electrónica Digital: teoría |
| 250 ## - EDICIÓN | |
| Mención de edición | 2 edición |
| 260 ## - PIE DE IMPRENTA | |
| Lugar de publicación, distribución, etc. | Costa Rica |
| 260 ## - PIE DE IMPRENTA | |
| Nombre del editor, distribuidor, etc. | Servicio de Voluntarios Japoneses para la Cooperación con el Extranjero |
| 260 ## - PIE DE IMPRENTA | |
| Fecha de publicación, distribución, etc. | 1990 |
| 300 ## - DESCRIPCIÓN FÍSICA | |
| Extensión | 90 páginas |
| 650 ## - Materia General | |
| Materia general | ELECTRÓNICA DIGITAL |
| 650 ## - Materia General | |
| Materia general | COSTA RICA |
| 650 ## - Materia General | |
| Materia general | ELECTRÓNICA |
| 942 ## - Punto de Acceso Adicional Koha | |
| Tipo de ítem Koha | Libro |
| Estado perdido | Estado dañado | No para préstamo | Biblioteca permanente | Biblioteca actual | Signatura completa | Precio efectivo a partir del | Tipo de ítem |
|---|---|---|---|---|---|---|---|
| Departamento de Biblioteca y Documentación Alfonso Chase Brenes | Departamento de Biblioteca y Documentación Alfonso Chase Brenes | 621.381.3 A313e | 14/02/2017 | Libro |